00811cam a22002291i 4500001001300000003000400013005001700017008004100034010001700075035001900092040001900111042001200130050001500142100003500157245013100192260006800323300005000391650002300441650003900464700006100503999001700564gs 37000322 DLC20260227111342.0780327s1937 iluab s000 0 eng  ags 37000322  a(OCoLC)3752606 aDLCcInESdDLC apremarc00aQE673b.N41 aNewton, William Albert,d1912-10aStratigraphic studies of Pennsylvanian outcrops in part of southeastern Illinois /cby William A. Newton and J. Marvin Weller. aUrbana :bPrinted by authority of the state of Illinois,c1937. a31 p. :bill., maps, tables, diagr. ;c25 cm. 0aGeologyzIllinois. 0aGeology, StratigraphicyPaleozoic.1 aWeller, J. Marvinq(James Marvin),d1899-ejoint author. c27407d27407